Wings of Fire - Sudden Death! - Statistics

General Stats
  • This quiz has been taken 371 times
  • The average score is 8 of 12
Answers on the Grid
Answers color-coded by a green-red scale on the quiz's grid according to % correct below.
Glory
Starflight
Raven
Deathbringer
Quail
Kyle
Sun
Sunny
Sundew
Windoet
Willow
Gundam
Assasin
Junif
Qibli
Nagisa
Tsunami
Doggie
Coral
Jumper
 
Answer Stats
Answer % Correct
Glory
95%
Starflight
93%
Deathbringer
91%
Sunny
88%
Coral
84%
Qibli
83%
Tsunami
83%
Sundew
82%
Willow
81%
Raven
49%
Jumper
11%
Doggie
4%
No matching quizzes found
Score Distribution
Percent of People with Each Score
Percentile by Number Answered
Your Score History
You have not taken this quiz